[Event "46th Capablanca Memorial Open A"]
[Site "Havana CUB"]
[Date "2010.05.12"]
[Round "2.20"]
[White "Vera Gonzalez-Quevedo, Reynaldo"]
[Black "Illas Pueyo, Leonardo"]
[Result "1-0"]
[WhiteTitle "GM"]
[BlackTitle "FM"]
[WhiteElo "2500"]
[BlackElo "2310"]
[WhiteFideId "3500055"]
[BlackFideId "3504212"]
[EventDate "2011.05.11"]

1. d4 Nf6 2. c4 g6 3. Nc3 Bg7 4. e4 d6 5. Be2 O-O 6. Nf3 e5 7. O-O Nc6 8. d5 Ne7
9. Ne1 Nd7 10. Be3 f5 11. f3 f4 12. Bf2 g5 13. Nd3 h5 14. c5 Nf6 15. Rc1 g4 16.
Nb5 g3 17. hxg3 fxg3 18. Bxg3 Bh6 19. Rc3 Rf7 20. cxd6 cxd6 21. Nc7 Rb8 22. Bf2
Ng6 23. Qc2 Rg7 24. Rd1 b6 25. Bf1 h4 26. Ne6 Bxe6 27. dxe6 Kh8 28. Rc6 Ne8 29.
Kh1 Kh7 30. Qc4 Qf6 31. Rc8 Rxc8 32. Qxc8 Nc7 33. Ne1 Qe7 34. Qb8 1-0

[Event "46th Capablanca Memorial Open A"]
[Site "Havana CUB"]
[Date "2010.05.12"]
[Round "2.22"]
[White "Abreu Delgado, Aryam"]
[Black "Tovio, Israel"]
[Result "1/2-1/2"]
[WhiteTitle "GM"]
[BlackTitle "FM"]
[WhiteElo "2485"]
[BlackElo "2297"]
[WhiteFideId "3502589"]
[BlackFideId "4402049"]
[EventDate "2011.05.11"]

1. c4 Nf6 2. g3 c6 3. Nf3 d5 4. b3 Bf5 5. Bg2 e6 6. O-O Be7 7. Bb2 h6 8. d3 O-O
9. Nbd2 a5 10. a3 Nbd7 11. Bc3 Bh7 12. Qb1 Ne8 13. Qb2 Bf6 14. d4 Nd6 15. Ne5
Be7 16. Rfd1 Nf6 17. e3 Nde4 18. Nxe4 Nxe4 19. Be1 Bd6 20. b4 a4 21. c5 Bxe5 22.
dxe5 f6 23. f3 Ng5 24. h4 Nf7 25. exf6 Qxf6 26. Qxf6 gxf6 27. Bc3 e5 28. Rd2 Bf5
29. e4 Be6 30. exd5 Bxd5 31. f4 Bxg2 32. Kxg2 exf4 33. gxf4 Rad8 34. Rad1 Kg7
35. Kf3 Kg6 36. h5+ Kf5 37. Rg1 Rg8 38. Rxd8 Rxd8 39. Ke3 Re8+ 40. Kf3 Rd8 41.
Ke3 Re8+ 42. Kf3 Rd8 1/2-1/2

[Event "46th Capablanca Memorial Open A"]
[Site "Havana CUB"]
[Date "2010.05.12"]
[Round "2.24"]
[White "Fernandez Cardoso, Alexey"]
[Black "Diaz Hernandez, Heriberto"]
[Result "1/2-1/2"]
[WhiteTitle "FM"]
[BlackTitle "FM"]
[WhiteElo "2473"]
[BlackElo "2300"]
[WhiteFideId "3504379"]
[BlackFideId "3508498"]
[EventDate "2011.05.11"]

1. e4 e5 2. Nf3 Nc6 3. Bc4 Bc5 4. c3 Nf6 5. d3 O-O 6. Nbd2 d6 7. Bb3 a6 8. h3
Be6 9. Nf1 d5 10. exd5 Bxd5 11. Bg5 Bxb3 12. axb3 h6 13. Bxf6 Qxf6 14. Ng3 Qg6
15. Nh4 Qf6 16. Nhf5 Ne7 17. Nxe7+ Qxe7 18. Qf3 c6 19. Nf5 Qe6 20. Qg4 Qf6 21.
O-O Rfe8 22. Kh1 Rad8 23. Rad1 Qg5 24. Qe4 g6 25. Ne3 Bxe3 26. fxe3 Kg7 27. Qf3
Rd7 28. e4 Re6 29. b4 Rf6 30. Qxf6+ Qxf6 31. Rxf6 Kxf6 32. Kg1 Ke6 33. Kf2 f5
34. Ke3 fxe4 35. Kxe4 Rf7 36. Ke3 Rf4 37. Ra1 g5 38. Ke2 h5 39. g3 Rf7 40. Rg1
Rf6 41. g4 h4 42. Ra1 Rf4 43. Ra5 Kf6 44. Ra1 Ke6 45. Ke3 Kf6 46. d4 exd4+ 47.
cxd4 Ke6 48. Rc1 Kf6 49. Ra1 1/2-1/2

[Event "46th Capablanca Memorial Open A"]
[Site "Havana CUB"]
[Date "2010.05.12"]
[Round "2.25"]
[White "Hevia Alejano, Carlos Antonio"]
[Black "Ynojosa, Felix Jose"]
[Result "1/2-1/2"]
[WhiteTitle "FM"]
[WhiteElo "2464"]
[BlackElo "2255"]
[WhiteFideId "3508811"]
[BlackFideId "3900258"]
[EventDate "2011.05.11"]

1. d4 Nf6 2. Nf3 e6 3. c4 b6 4. g3 Bb7 5. Bg2 c5 6. d5 exd5 7. Nh4 g6 8. cxd5
Bg7 9. O-O O-O 10. Nc3 d6 11. e4 a6 12. a4 Nbd7 13. f4 b5 14. axb5 Qb6 15. Na4
Qxb5 16. Re1 Rfe8 17. Bd2 c4 18. Bc3 Nc5 19. Nxc5 Qxc5+ 20. Kh1 Re7 21. Ra5 Qb6
22. Ra4 Qb3 23. Qa1 Rae8 24. Rb1 Qc2 25. Rc1 1/2-1/2

[Event "46th Capablanca Memorial Open A"]
[Site "Havana CUB"]
[Date "2010.05.12"]
[Round "2.26"]
[White "Calvo Quinteiro, Jose Manuel"]
[Black "Alarcon Casellas, Rolando"]
[Result "1-0"]
[BlackTitle "FM"]
[WhiteElo "2247"]
[BlackElo "2448"]
[WhiteFideId "3505154"]
[BlackFideId "3507610"]
[EventDate "2011.05.11"]

1. e4 e6 2. d4 d5 3. Nc3 Bb4 4. e5 Ne7 5. a3 Bxc3+ 6. bxc3 b6 7. Qg4 Ng6 8. h4
h5 9. Qg3 Ba6 10. Bxa6 Nxa6 11. Bg5 Qd7 12. Ne2 Qa4 13. Qd3 c5 14. O-O cxd4 15.
cxd4 Rc8 16. c3 Qc4 17. Qf3 Rc7 18. Rfc1 Nb8 19. Ng3 Nc6 20. Nxh5 Rh7 21. Rab1
Qa4 22. Ra1 Na5 23. Nxg7+ Rxg7 24. Qf6 Ne7 25. Qxg7 Nb3 26. h5 Nxc1 27. Rxc1
Qxa3 28. h6 Ng6 29. Qg8+ Qf8 30. h7 Rc8 31. Bh6 1-0

[Event "46th Capablanca Memorial Open A"]
[Site "Havana CUB"]
[Date "2010.05.12"]
[Round "2.28"]
[White "Fernandez Hernandez, Arturo A."]
[Black "Otero Acosta, Diasmany"]
[Result "1-0"]
[WhiteTitle "FM"]
[BlackTitle "IM"]
[WhiteElo "2265"]
[BlackElo "2440"]
[WhiteFideId "3509230"]
[BlackFideId "3503186"]
[EventDate "2011.05.11"]

1. d4 d5 2. c4 c6 3. Nc3 Nf6 4. Nf3 dxc4 5. a4 Bg4 6. Ne5 Bh5 7. f3 Nfd7 8. Nxc4
e5 9. Ne4 Bb4+ 10. Bd2 Qe7 11. Bxb4 Qxb4+ 12. Qd2 Qxd2+ 13. Kxd2 exd4 14. Ned6+
Ke7 15. Nf5+ Kf6 16. Nxd4 Rd8 17. e4 Nc5 18. Kc3 Nba6 19. Be2 Rd7 20. b4 Rxd4
21. Kxd4 Rd8+ 22. Kc3 Nxe4+ 23. Kb3 Nf2 24. Rhc1 c5 25. Nb2 Nxb4 26. Rxc5 Bg6
27. Kxb4 Rd2 28. Bf1 Rxb2+ 29. Ka3 Rb6 30. Rb5 Rxb5 31. Bxb5 Nd3 32. Bxd3 Bxd3
33. Rd1 Bf5 34. Rd8 Be6 35. Ra8 a6 36. Kb4 Bd7 37. a5 g5 38. Kc5 h5 39. Rh8 h4
40. Kb6 Bc6 41. Rh6+ Ke5 42. Rxc6 bxc6 43. Kxa6 f5 44. Kb6 g4 45. fxg4 h3 46. g3 1-0

[Event "46th Capablanca Memorial Open A"]
[Site "Havana CUB"]
[Date "2010.05.12"]
[Round "2.30"]
[White "Girones Barrios, Yans Richard"]
[Black "Prasca Sosa, Rafael"]
[Result "0-1"]
[BlackTitle "IM"]
[WhiteElo "2221"]
[BlackElo "2424"]
[WhiteFideId "3506142"]
[BlackFideId "3900819"]
[EventDate "2011.05.11"]

1. d4 d5 2. c4 c6 3. Nc3 Nf6 4. Nf3 g6 5. e3 Bg7 6. cxd5 cxd5 7. Bb5+ Bd7 8.
Bxd7+ Nbxd7 9. Qb3 Nb6 10. a4 O-O 11. Ne5 Rb8 12. O-O e6 13. Bd2 Nbd7 14. Nxd7
Qxd7 15. Rfc1 Rfc8 16. Nb5 a6 17. Na7 Rc4 18. Qb6 Ne4 19. Be1 Bf6 20. f3 Bd8 21.
Qb3 Nf6 22. Rxc4 dxc4 23. Qxc4 Ra8 24. Rc1 Rxa7 25. Qc8 b6 26. Bh4 Kg7 27. Qb8
Rc7 28. Bxf6+ Kxf6 29. Rd1 b5 30. d5 Kg7 31. Rd4 exd5 32. Qa8 Rc1+ 33. Kf2 Rc2+
34. Kf1 Qc7 35. f4 Bf6 0-1

[Event "46th Capablanca Memorial Open A"]
[Site "Havana CUB"]
[Date "2010.05.12"]
[Round "2.31"]
[White "Gomez Fontal, Felix Manuel"]
[Black "Martinez Reyes, Pedro Ramon"]
[Result "0-1"]
[WhiteTitle "IM"]
[WhiteElo "2417"]
[BlackElo "2198"]
[WhiteFideId "3500357"]
[BlackFideId "3901807"]
[EventDate "2011.05.11"]

1. d4 d5 2. Nf3 Nf6 3. c4 dxc4 4. e3 e6 5. Bxc4 c5 6. O-O Nc6 7. Qe2 cxd4 8. Rd1
Be7 9. exd4 O-O 10. Nc3 Na5 11. Bd3 b6 12. Ne5 Bb7 13. Be3 Rc8 14. Rac1 Nd5 15.
Qh5 f5 16. Qe2 Nb4 17. Bb1 Ba6 18. Qh5 Nc4 19. g4 Nxe3 20. fxe3 Bg5 21. Qh3 Nd5
22. Re1 Bh4 23. Red1 Bf2+ 24. Kh1 Nxc3 25. bxc3 Bb7+ 26. e4 fxe4 27. Qg2 Rf4 28.
Nd3 exd3 29. Qxb7 Be3 30. Bxd3 Bxc1 31. Rxc1 Qd5+ 32. Qxd5 exd5 33. Bf5 Rc6 34.
Rc2 Rf3 35. Kg2 Rfxc3 36. Re2 g6 37. Be6+ Kg7 38. Bxd5 Rc2 39. Bxc6 Rxe2+ 40.
Kf3 Rxa2 41. Ke4 Kf6 42. Kd5 Ke7 0-1

[Event "46th Capablanca Memorial Open A"]
[Site "Havana CUB"]
[Date "2010.05.12"]
[Round "2.32"]
[White "Wohl, Aleksandar H."]
[Black "Osorio, Fernando"]
[Result "0-1"]
[WhiteTitle "IM"]
[WhiteElo "2411"]
[BlackElo "2208"]
[WhiteFideId "3200345"]
[BlackFideId "3901114"]
[EventDate "2011.05.11"]

1. e4 c5 2. Nf3 Nc6 3. Bb5 g6 4. O-O Bg7 5. c3 Nf6 6. Re1 O-O 7. h3 Qc7 8. e5
Nd5 9. d4 cxd4 10. Bxc6 dxc6 11. Qxd4 Bf5 12. Qh4 f6 13. Nbd2 Rad8 14. Nc4 Bc8
15. Bh6 g5 16. Nxg5 Bxh6 17. Qxh6 fxg5 18. Qxg5+ Kh8 19. Re4 b5 20. Rh4 bxc4 21.
Rxh7+ Kxh7 22. Qh5+ Kg7 23. Qg5+ Kf7 24. Qh5+ Ke6 25. Qg6+ Kd7 26. e6+ Kd6 27.
b3 Rf6 28. Qg7 Bxe6 29. bxc4 Rg8 30. Qh7 Qb6 0-1

[Event "46th Capablanca Memorial Open A"]
[Site "Havana CUB"]
[Date "2010.05.12"]
[Round "2.33"]
[White "Frometa Castillo, Zirka"]
[Black "Garcia Pantoja, Roberto"]
[Result "1/2-1/2"]
[WhiteTitle "WGM"]
[BlackTitle "FM"]
[WhiteElo "2125"]
[BlackElo "2411"]
[WhiteFideId "3501434"]
[BlackFideId "3509265"]
[EventDate "2011.05.11"]

1. d4 Nf6 2. Nf3 g6 3. Nbd2 Bg7 4. e4 O-O 5. e5 Nd5 6. c4 Nb6 7. c5 Nd5 8. Bc4
c6 9. Qb3 d6 10. cxd6 exd6 11. O-O dxe5 12. dxe5 Nd7 13. Re1 Qa5 14. Qc2 Nc5 15.
Nb3 Nxb3 16. Qxb3 Be6 17. Bd2 Qc7 18. Rac1 Rad8 19. Bg5 Rd7 20. Qa3 Bg4 21. h3
Bxf3 22. Qxf3 Bxe5 23. Bxd5 Rxd5 24. Bf6 Qd6 25. Bxe5 Rxe5 26. Red1 Rd5 27. Rxd5
cxd5 28. Rd1 Re8 29. g3 Re5 30. Kg2 Qb6 31. Rd2 d4 32. Rc2 Kg7 33. b3 Re1 34.
Rc4 Qd6 35. Qxb7 Re7 36. Qc6 Qe5 37. Qf3 Rd7 38. Qd3 Qd5+ 39. f3 h5 40. Rc2 h4
41. gxh4 Qh5 42. Qe4 d3 43. Rd2 Qc5 44. f4 Qc1 45. Qe3 Rd5 46. Kg3 Qc3 47. Kf2
Kh7 48. Kg3 a5 49. Kf2 Qc8 50. Kg3 Qf5 51. a3 Qd7 52. b4 axb4 53. axb4 Qd6 54.
b5 Rxb5 55. Rxd3 Qf6 56. Qd4 Qf5 57. Qd7 Qxd7 58. Rxd7 1/2-1/2

[Event "46th Capablanca Memorial Open A"]
[Site "Havana CUB"]
[Date "2010.05.12"]
[Round "2.35"]
[White "Corrales Jimenez, Zenia"]
[Black "Vega Chirino, Lemay"]
[Result "0-1"]
[WhiteTitle "WFM"]
[BlackTitle "FM"]
[WhiteElo "2182"]
[BlackElo "2356"]
[WhiteFideId "3506355"]
[BlackFideId "3502252"]
[EventDate "2011.05.11"]

1. e4 c5 2. Nf3 Nc6 3. Bb5 g6 4. O-O Bg7 5. Re1 Nf6 6. e5 Nd5 7. Nc3 Nc7 8. Bxc6
dxc6 9. Ne4 Ne6 10. d3 O-O 11. Be3 b6 12. Qd2 a5 13. a4 Ra7 14. Bh6 f5 15. exf6
exf6 16. Bxg7 Nxg7 17. Ng3 Bg4 18. Qf4 Bxf3 19. Qxf3 Qd5 20. Qe3 f5 21. Ne2 Re8
22. Qd2 Rae7 23. Nc3 Qd4 24. Rxe7 Rxe7 25. Re1 Rxe1+ 26. Qxe1 Qb4 27. b3 Kf7 28.
Kf1 Qf4 29. Kg1 Ne6 30. Ne2 Qe5 31. Qd2 f4 32. c3 g5 33. h3 Qd5 34. Nc1 f3 35.
g3 Qf5 36. Kh2 g4 37. Qh6 gxh3 38. Qxh3 Qg5 39. Qxh7+ Ng7 0-1

[Event "46th Capablanca Memorial Open A"]
[Site "Havana CUB"]
[Date "2010.05.12"]
[Round "2.36"]
[White "Morales Romero, Pedro"]
[Black "Torres Rosas, Luis Carlos"]
[Result "1-0"]
[WhiteTitle "IM"]
[BlackTitle "CM"]
[WhiteElo "2354"]
[BlackElo "2129"]
[WhiteFideId "3503798"]
[BlackFideId "5111080"]
[EventDate "2011.05.11"]

1. e4 c5 2. Nf3 d6 3. d4 cxd4 4. Nxd4 Nf6 5. Nc3 Nc6 6. Bc4 e6 7. Be3 Be7 8. Qe2
a6 9. O-O-O Qc7 10. Bb3 O-O 11. g4 Nxd4 12. Rxd4 Nd7 13. g5 Nc5 14. Rg1 b5 15.
Rg3 Rb8 16. Qh5 g6 17. Qh6 f6 18. f4 fxg5 19. f5 Nxb3+ 20. axb3 exf5 21. Nd5 Qb7
22. Bxg5 Bxg5+ 23. Qxg5 Qg7 24. Ne7+ Kh8 25. Rh3 Rb7 26. Nxg6+ Kg8 27. Rxd6 f4
28. Rc3 Rbf7 29. Rxc8 Rxc8 30. Rd8+ Rxd8 31. Qxd8+ Rf8 32. Qxf8+ Qxf8 33. Nxf8
Kxf8 34. Kd2 Ke7 35. Ke2 1-0

[Event "46th Capablanca Memorial Open A"]
[Site "Havana CUB"]
[Date "2010.05.12"]
[Round "2.38"]
[White "Garcia Martinez, Omar"]
[Black "Pirola, Claudionor Alcides Lima"]
[Result "1-0"]
[WhiteTitle "FM"]
[WhiteElo "2318"]
[BlackElo "2104"]
[WhiteFideId "3500861"]
[BlackFideId "2130556"]
[EventDate "2011.05.11"]

1. e4 c5 2. Nf3 d6 3. d4 cxd4 4. Nxd4 Nf6 5. Nc3 a6 6. h3 g6 7. g4 Bg7 8. Bg2
Qb6 9. Nb3 Be6 10. Be3 Qc7 11. Qd2 h5 12. g5 Nfd7 13. Nd4 Nc6 14. f4 Nb6 15. b3
Rc8 16. Nce2 O-O 17. O-O Bd7 18. Rad1 Na8 19. c4 Nxd4 20. Nxd4 Qb8 21. Rc1 Nc7
22. f5 Rfd8 23. Qf2 e5 24. fxe6 Bxe6 25. Nxe6 fxe6 26. Qf7+ Kh7 27. Rf6 1-0

[Event "46th Capablanca Memorial Open A"]
[Site "Havana CUB"]
[Date "2010.05.12"]
[Round "2.39"]
[White "Catala Matienzo, Ivette"]
[Black "Gongora Reyes, Maikel"]
[Result "0-1"]
[WhiteTitle "WFM"]
[BlackTitle "IM"]
[WhiteElo "2208"]
[BlackElo "2452"]
[WhiteFideId "3506819"]
[BlackFideId "3503208"]
[EventDate "2011.05.11"]

1. d4 Nf6 2. Nf3 e6 3. e3 c5 4. Bd3 d5 5. b3 Nc6 6. O-O cxd4 7. exd4 Bd6 8. Bb2
O-O 9. a3 Qc7 10. Qe2 b6 11. c4 Bb7 12. Nc3 a6 13. Rac1 Bf4 14. Rc2 Rfd8 15. Rd1
g6 16. b4 dxc4 17. Bxc4 Nd5 18. Nxd5 exd5 19. Bxa6 Bxa6 20. b5 Re8 21. Qf1 Bb7
22. bxc6 Ba6 23. Rd3 Re6 24. g3 Bh6 25. Ne5 Bg7 26. Qd1 f6 27. Qf3 Rd8 28. Nd7
Bxd3 29. Qxd5 Kf7 30. Rc3 Be4 31. Qb3 Rxd7 32. cxd7 Qxd7 33. f3 Bd5 34. Qc2 Rc6
35. Kf2 Rxc3 36. Qxc3 Bf8 37. Bc1 Qc6 38. Qxc6 Bxc6 39. Be3 Bd5 0-1

[Event "46th Capablanca Memorial Open A"]
[Site "Havana CUB"]
[Date "2010.05.12"]
[Round "2.40"]
[White "Borges Feria, Yasel"]
[Black "Zavarce, Oscar Enrique"]
[Result "1-0"]
[WhiteTitle "FM"]
[BlackTitle "FM"]
[WhiteElo "2406"]
[BlackElo "2223"]
[WhiteFideId "3504921"]
[BlackFideId "3902501"]
[EventDate "2011.05.11"]

1. Nf3 c5 2. b3 Nf6 3. Bb2 e6 4. e3 b6 5. d4 Bb7 6. Bd3 Be7 7. O-O O-O 8. Nbd2
cxd4 9. exd4 d6 10. Re1 Nbd7 11. c4 Re8 12. Qe2 Bf8 13. Rad1 Qc7 14. Ne4 Rac8
15. Nxf6+ Nxf6 16. Rc1 Qb8 17. Bb1 Qa8 18. Qd3 g6 19. d5 Nh5 20. dxe6 fxe6 21.
Nh4 Nf4 22. Qg3 e5 23. Rcd1 Rc7 24. f3 Rf7 25. Nf5 Qc8 26. Ne3 Qc5 27. Kh1 Nxg2
28. Kxg2 Rxf3 29. Qxf3 Bxf3+ 30. Kxf3 e4+ 31. Kg2 Qh5 32. Rd2 Qf3+ 33. Kg1 Bh6
34. Bd4 Rf8 35. Rg2 Bg5 36. Nd5 Bh4 37. Bxe4 Qh3 38. Re3 Qd7 39. Nxb6 Bf2+ 40.
Rxf2 Qg4+ 41. Kf1 Qd1+ 42. Re1 Qxd4 43. Bd5+ Kg7 44. Re7+ Kh6 45. Rxf8 Qd3+ 46.
Re2 axb6 47. Rf3 Qd1+ 48. Kf2 Qd4+ 49. Kg2 Qg4+ 50. Kf1 Qh4 51. a4 Qg5 52. Ree3
Qg4 53. Rh3+ Kg7 54. Re7+ 1-0

[Event "46th Capablanca Memorial Open A"]
[Site "Havana CUB"]
[Date "2010.05.12"]
[Round "2.41"]
[White "Ruiz Sanchez, Orlen"]
[Black "Llaudy Pupo, Lisandra"]
[Result "1-0"]
[WhiteTitle "FM"]
[BlackTitle "WIM"]
[WhiteElo "2392"]
[BlackElo "2216"]
[WhiteFideId "3506231"]
[BlackFideId "3506487"]
[EventDate "2011.05.11"]

1. Nf3 Nf6 2. c4 e6 3. g3 b6 4. Bg2 Bb7 5. O-O Be7 6. b3 O-O 7. Bb2 c5 8. Nc3
Ne4 9. Nxe4 Bxe4 10. d3 Bb7 11. e4 d6 12. Qe2 e5 13. Ne1 Nc6 14. f4 Bf6 15. f5
a6 16. Nf3 b5 17. h4 Nd4 18. Bxd4 exd4 19. Qf2 h5 20. Bh3 Bc6 21. Kh1 bxc4 22.
bxc4 Rb8 23. Rg1 Qb6 24. Rad1 Qb2 25. Rd2 Qc3 26. g4 hxg4 27. Rxg4 Rb1+ 28. Bf1
Rfb8 29. Rg1 R8b2 30. Rxb2 Rxb2 31. Qg3 Qc1 32. Qxd6 Qe3 33. Bg2 Bb7 34. Qb8+
Kh7 35. Qg3 Rxa2 36. Rb1 Bc6 37. Rb6 Ba8 38. Rb8 Bc6 39. Rc8 Bd7 40. Rc7 Ba4 41.
e5 1-0

[Event "46th Capablanca Memorial Open A"]
[Site "Havana CUB"]
[Date "2010.05.12"]
[Round "2.42"]
[White "Enrique Hernandez, Eddy Ernesto"]
[Black "Marrero Lopez, Yaniet"]
[Result "1-0"]
[BlackTitle "WGM"]
[WhiteElo "2206"]
[BlackElo "2328"]
[WhiteFideId "3508765"]
[BlackFideId "3503950"]
[EventDate "2011.05.11"]

1. e4 e5 2. Nf3 Nc6 3. Bc4 Nf6 4. Ng5 d5 5. exd5 Na5 6. Bb5+ Bd7 7. Qe2 Bd6 8.
Nc3 O-O 9. Bxd7 Qxd7 10. a3 h6 11. Nge4 Nxe4 12. Nxe4 b5 13. b4 Nb7 14. O-O a5
15. Nxd6 cxd6 16. Bb2 f5 17. d3 Rae8 18. f3 Nd8 19. c4 Nf7 20. Bc3 a4 21. Rac1
Nh8 22. Qa2 Ng6 23. Be1 Nf4 24. Qd2 Rf6 25. Bg3 Nh5 26. Qa2 Rg6 27. c5 Rd8 28.
c6 Qf7 29. Rc2 Rc8 30. d4 Nxg3 31. hxg3 exd4 32. Rd1 Rxg3 33. Rxd4 Qg6 34. Rf2
Re8 35. Rd1 h5 36. Re2 Rc8 37. Re6 Qg5 38. Qe2 h4 39. f4 Qxf4 40. Re8+ Rxe8 41.
Qxe8+ Kh7 42. Qh5+ Kg8 43. c7 Qe3+ 44. Kh1 Qc3 45. Qe8+ Kh7 46. c8=Q Rh3+ 47.
Kg1 1-0

[Event "46th Capablanca Memorial Open A"]
[Site "Havana CUB"]
[Date "2010.05.12"]
[Round "2.43"]
[White "Larrua Gonzalez, Fernando Oscar"]
[Black "Campos Vila, Milena"]
[Result "1-0"]
[WhiteTitle "FM"]
[BlackTitle "WFM"]
[WhiteElo "2316"]
[BlackElo "2212"]
[WhiteFideId "3510662"]
[BlackFideId "3501558"]
[EventDate "2011.05.11"]

1. e4 e5 2. Nf3 Nc6 3. Bb5 a6 4. Ba4 Nf6 5. O-O Be7 6. Bxc6 dxc6 7. d3 Nd7 8.
Nbd2 O-O 9. Nc4 Bf6 10. b4 Re8 11. Bb2 Qe7 12. Qe1 b5 13. Ne3 Nb6 14. Bc3 g6 15.
Nd2 Bg7 16. Nb3 f5 17. f3 f4 18. Nd1 Be6 19. Nc5 Bf7 20. a4 Nd7 21. Nxd7 Qxd7
22. Nf2 g5 23. Qc1 h5 24. h3 Qd6 25. Qb2 c5 26. bxc5 Qxc5 27. Bb4 Qe3 28. Rfe1
Qb6 29. Qc3 Bf8 30. Bxf8 Kxf8 31. axb5 Qxb5 32. Ra5 Qb6 33. Rxe5 Rxe5 34. Qxe5
Re8 35. Qxg5 Qb4 36. Rd1 Qd6 37. d4 Re6 38. e5 Qd5 39. c4 Qxc4 40. d5 Rg6 41.
Qd8+ 1-0

[Event "46th Capablanca Memorial Open A"]
[Site "Havana CUB"]
[Date "2010.05.12"]
[Round "2.44"]
[White "Fleites Martin, Yuleikys"]
[Black "Lopez Vilier, Luis Angel"]
[Result "1-0"]
[WhiteTitle "WIM"]
[BlackTitle "FM"]
[WhiteElo "2167"]
[BlackElo "2316"]
[WhiteFideId "3502759"]
[BlackFideId "3509320"]
[EventDate "2011.05.11"]

1. e4 c6 2. d4 g6 3. Nc3 Bg7 4. Bc4 b5 5. Bb3 b4 6. Qf3 e6 7. Nce2 d5 8. e5 Qb6
9. Nh3 Ba6 10. Be3 Qb5 11. Nef4 h6 12. Nd3 Nd7 13. O-O Ne7 14. Nhf4 Rc8 15. a3
bxa3 16. Rxa3 Qb6 17. Rfa1 Bxd3 18. Nxd3 Rc7 19. Bd2 Rb7 20. Ra6 Qc7 21. Bb4 Nc8
22. h4 Bf8 23. Bxf8 Kxf8 24. Nf4 Kg7 25. c4 Ne7 26. cxd5 exd5 27. e6 Nf6 28.
exf7 Qd7 29. Re1 Kxf7 30. Re6 Rxb3 31. Rxf6+ Kg7 32. Nh5+ 1-0

[Event "46th Capablanca Memorial Open A"]
[Site "Havana CUB"]
[Date "2010.05.12"]
[Round "2.45"]
[White "Fandino Reyes, Roquelina"]
[Black "de Francesco, Klaus"]
[Result "0-1"]
[WhiteTitle "WIM"]
[BlackTitle "FM"]
[WhiteElo "2147"]
[BlackElo "2312"]
[WhiteFideId "3501426"]
[BlackFideId "4613945"]
[EventDate "2011.05.11"]

1. e4 e6 2. d4 d5 3. e5 c5 4. c3 Qb6 5. Nf3 Nc6 6. a3 Nh6 7. b4 cxd4 8. cxd4 Nf5
9. Bb2 Bd7 10. Be2 Be7 11. O-O O-O 12. Bd3 f6 13. Bxf5 exf5 14. Nc3 Be6 15. Na4
Qd8 16. Nc5 Bxc5 17. dxc5 Nxe5 18. Nxe5 fxe5 19. Bxe5 f4 20. f3 Qg5 21. Qd4 Rae8
22. Bd6 Bh3 23. Rf2 Rf6 24. Rd1 Be6 25. a4 a6 26. b5 axb5 27. axb5 Bf7 28. Bc7
Qf5 29. b6 h5 30. Rc1 Ree6 31. Rb2 Be8 32. h4 Bc6 33. Rb4 Re2 34. Bxf4 Rg6 35.
Bg5 Rxg5 36. hxg5 Qxg5 0-1

[Event "46th Capablanca Memorial Open A"]
[Site "Havana CUB"]
[Date "2010.05.12"]
[Round "2.46"]
[White "Ostos, Julio"]
[Black "Cueto Rodriguez, Yanet"]
[Result "1-0"]
[WhiteTitle "IM"]
[BlackTitle "WFM"]
[WhiteElo "2310"]
[BlackElo "2138"]
[WhiteFideId "3900053"]
[BlackFideId "3505294"]
[EventDate "2011.05.11"]

1. e4 e6 2. d4 d5 3. Nd2 Nf6 4. e5 Nfd7 5. Bd3 c5 6. c3 Nc6 7. Ne2 cxd4 8. cxd4
f6 9. exf6 Nxf6 10. Nf3 Bd6 11. O-O O-O 12. Bf4 Bxf4 13. Nxf4 Qd6 14. g3 Bd7 15.
Re1 Nxd4 16. Bxh7+ Nxh7 17. Qxd4 Rf5 18. Re5 Raf8 19. Rae1 b6 20. b4 Rxe5 21.
Rxe5 Rc8 22. Nxd5 Rc1+ 23. Kg2 Qf8 24. Nf4 Bc6 25. Qe3 Rb1 26. Rxe6 Qa8 27. Nd5
Bxd5 28. Re8+ Nf8 29. Rxa8 Bxa8 30. a3 b5 31. Kh3 Bd5 32. Ng5 Bc4 33. Qxa7 Rd1
34. Qb8 Rd4 35. g4 Rd3+ 36. f3 Rxa3 37. Kg3 Rb3 38. Nh7 Kxh7 39. Qxf8 Rd3 40. h4
Rd5 41. h5 Re5 42. Kf4 1-0

[Event "46th Capablanca Memorial Open A"]
[Site "Havana CUB"]
[Date "2010.05.12"]
[Round "2.47"]
[White "Espinoza Palomino, Willyam"]
[Black "Romero Nunez, Wendy"]
[Result "1/2-1/2"]
[WhiteTitle "FM"]
[BlackTitle "WFM"]
[WhiteElo "2295"]
[BlackElo "2132"]
[WhiteFideId "3804852"]
[BlackFideId "3510174"]
[EventDate "2011.05.11"]

1. e4 c5 2. Nf3 e6 3. d4 cxd4 4. Nxd4 a6 5. Bd3 Nf6 6. O-O Qc7 7. Qe2 d6 8. c4
g6 9. Nc3 Bg7 10. Rd1 O-O 11. h3 Nfd7 12. Nf3 Nc6 13. Bf4 Bxc3 14. bxc3 e5 15.
Bh6 Rd8 16. Nh2 Nc5 17. Bg5 Rf8 18. Bh6 Rd8 19. Bg5 1/2-1/2

[Event "46th Capablanca Memorial Open A"]
[Site "Havana CUB"]
[Date "2010.05.12"]
[Round "2.48"]
[White "Cordero Suarez, Greisy"]
[Black "Castellanos Sanchez, Carlos M"]
[Result "0-1"]
[BlackTitle "FM"]
[WhiteElo "2116"]
[BlackElo "2293"]
[WhiteFideId "3502422"]
[BlackFideId "3501310"]
[EventDate "2011.05.11"]

1. e4 c5 2. Nc3 Nc6 3. g3 g6 4. Bg2 Bg7 5. d3 d6 6. Be3 e5 7. Qd2 h5 8. f4 h4 9.
Bh3 Bxh3 10. Nxh3 Qd7 11. Nf2 Nf6 12. O-O-O Nd4 13. Rdf1 O-O-O 14. Ncd1 Nh5 15.
c3 hxg3 16. hxg3 Nxg3 17. cxd4 Nxf1 18. Rxf1 cxd4 19. Kb1 dxe3 20. Qxe3 Kb8 21.
fxe5 dxe5 22. Nc3 Bh6 23. Qc5 Qd6 24. Qa5 Bd2 25. Rd1 Bxc3 26. bxc3 Rc8 27. Ng4
Rc5 28. Qb4 Rhc8 29. Ne3 a5 30. Nc4 axb4 31. Nxd6 bxc3 32. Kc2 Rh8 33. Nc4 b5
34. Ne3 Rh2+ 35. Kb3 Rb2+ 36. Ka3 Rc7 0-1